000 00624na a2200229 4500
001 19519
003 MIRAKIL
005 20181213155112.0
008 161216b tu 000 0
020 _a9759630710
040 _aMilas
_btur
_cTR-AnCHP
041 _atur
082 _a371.334
_bU92 2003
090 _a371.334 U92 2003
245 _aUzaktan eğitim (e-öğrenme) kılavuzu
_bsürüm-1
_cTürkiye Bilişim Vakfı
260 _aİstanbul
_bTürkiye Bilişim Vakfı
_c2003
300 _a64 s.
_c28 sm.
504 _aKaynakça var.
650 _aUzaktan eğitim
_xRehberler
710 _aTBV
942 _2ddc
_cBKS
999 _c6587
_d6587